000
002390000a22000970004500
100
1
_a
Joseph, M. V.
245
1
0
_a
RINE spells health for the Kampuchea's children
300
_a
Núm 8 (1985), Páginas 9-11
773
0
_t
Together
942
_c
ANA
999
_c
56967
_d
56967